| 000 | 01305cam a22003617i 4500 | ||
|---|---|---|---|
| 999 |
_c28486 _d28457 |
||
| 001 | 19360309 | ||
| 003 | EG-ScBUE | ||
| 005 | 20200709123301.0 | ||
| 008 | 161101t2016 enka f b 000 0 eng d | ||
| 020 | _a9781850972846 | ||
| 020 | _a1850972842 | ||
| 035 | _a(OCoLC)ocn906010197 | ||
| 040 |
_aNLM _beng _erda _cNLM _dYDXCP _dBTCTA _dUAB _dUBC _dOCLCF _dIAX _dDLC _dEG-ScBUE |
||
| 082 | 0 | 4 |
_a617.643 _bSCH _222 |
| 100 | 1 |
_aSchupp, Werner, _eauthor. |
|
| 245 | 1 | 0 |
_aAligner orthodontics : _bdiagnostics, biomechanics, planning and treatment / _cWerner Schupp, Julia Haubrich. |
| 264 | 1 |
_aNew Malden, United Kingdom : _bQuintessence Publishing, _c[2016] |
|
| 264 | 4 | _c©2016. | |
| 300 |
_aviii, 358 pages : _billustrations (chiefly color) ; _c29 cm |
||
| 336 |
_atext _btxt _2rdacontent |
||
| 337 |
_aunmediated _bn _2rdamedia |
||
| 338 |
_avolume _bnc _2rdacarrier |
||
| 504 | _aIncludes bibliographical references. | ||
| 650 | 7 |
_aOrthodontics, Corrective. _2BUEsh |
|
| 650 | 7 |
_aOrthodontic appliances. _2BUEsh _939694 |
|
| 650 | 7 |
_aOrthodontics. _2BUEsh |
|
| 653 |
_bDDENT _cJuly2020 |
||
| 655 |
_vReading book _934232 |
||
| 700 | 1 |
_aHaubrich, Julia, _eauthor. |
|
| 906 |
_a7 _bcbc _ccopycat _d2 _encip _f20 _gy-gencatlg |
||
| 942 |
_2ddc _cBB |
||